000 00703nam a2200289Ia 4500
005 20260324140709.0
008 008 260324s9999 xx 000 0 eng d
020 _a9781315067971
037 _aEBOOK
040 _aCRL
040 _beng
040 _cCRL
041 _2eng
041 _aeng
084 _qCRL
100 _aMyra Kersner; Jannet A. Wright
_91157953
245 0 _aSupporting Children with Communication Problems
245 0 _bSharing the Workload
260 _bTaylor and Francis
260 _c1998
365 _a
365 _b205
856 _uhttp://www.taylorfrancis.com/books/9781315067971
942 _cEBOOK
999 _c1807721
_d1807721